000 00579nam a22002417a 4500
003 UA-OsUOA
001 32056
007 ta
008 20050121b un ||||| |||| 00| 0 ukr d
090 _a94(477)
_bІ90
942 _cBK
040 _aUA-OsUOA
_bukr
_cUA-OsUOA
_dUA-OsUOA
245 _aІсторія України. Для дітей шкільного віку
300 _a224 с.
955 _a0
041 _aukr
080 _a94(477)
020 _a5-7770-0557-8
260 _aКиїв
_bЗнання
_c1992
044 _aUA
650 7 _2UDC
999 _c318493
_d318493